Звичайний вигляд
Перегляд у МАРК
Входження „Personal Name“
Кількість записів, які використовуються: 1
001 - CONTROL NUMBER
- control field: 23494
003 - CONTROL NUMBER IDENTIFIER
- control field: UA-OsUOA
005 - DATE AND TIME OF LATEST TRANSACTION
- control field: 20260304124021.0
008 - FIXED-LENGTH DATA ELEMENTS
- fixed length control field: 260304|| aca||aabn | a|a d
040 ## - CATALOGING SOURCE
- Original cataloging agency: UA-OsUOA
- Transcribing agency: UA-OsUOA
100 ## - HEADING--PERSONAL NAME
- Personal name: Vincent, Peter E
670 ## - SOURCE DATA FOUND
- Source citation: Work cat.: (UA-OsUOA): Spectral and High Order Methods for Partial Differential Equations ICOSAHOM 2018